| 000 | 01149cam a22003495a 4500 | ||
|---|---|---|---|
| 001 | 014493070 | ||
| 003 | OSt | ||
| 005 | 20150809160425.0 | ||
| 008 | 080108t2009 ohua frbd 001 0 eng d | ||
| 020 | _a9780324561173 (International student ed. : pbk.) | ||
| 020 | _a0324561172 (International student ed. : pbk.) | ||
| 040 |
_aStDuBDS _beng _cStDuBDS _dUk _dEG-ScBUE |
||
| 082 | 0 | 4 |
_a658.15 _bLEA _222 |
| 100 | 1 |
_aLeach, J. Chris _938278 |
|
| 245 | 1 | 0 |
_aEntrepreneurial finance / _cJ. Chris Leach, Ronald W. Melicher. |
| 246 | 3 | 4 | _aFinance for entrepreneurs |
| 250 | _a3rd ed. | ||
| 260 |
_aMason, Ohio : _bSouth-Western Cengage Learning, _cc.2009. |
||
| 300 |
_axx, 717 p. : _bill. ; _c26 cm. |
||
| 500 | _aPrevious ed. : 2004. | ||
| 500 | _aIndex : p. 699-717. | ||
| 500 | _aGlossary : p. 689-698. | ||
| 504 | _aIncludes bibliographical references. | ||
| 650 | 0 |
_aVenture capital. _2BUEsh |
|
| 650 | 0 |
_aEntrepreneurship. _2BUEsh |
|
| 650 | 0 |
_aBusiness enterprises _xFinance. _2BUEsh |
|
| 651 | _2BUEsh | ||
| 653 |
_bBUSADM _cAugust2015 |
||
| 655 |
_vreading book _934232 |
||
| 700 | 1 | _aMelicher, Ronald W. | |
| 942 |
_2ddc _k658.15 LEA |
||
| 999 |
_c20397 _d20369 |
||